East Africa community Proceedings of thr East Africa Legislative Assembly(EALA) (Record no. 281)
[ view plain ]
| 000 -LEADER | |
|---|---|
| fixed length control field | 00367nam a22000977a 4500 |
| 008 - FIXED-LENGTH DATA ELEMENTS--GENERAL INFORMATION | |
| fixed length control field | 230605b xxu||||| |||| 00| 0 eng d |
| 082 ## - DEWEY DECIMAL CLASSIFICATION NUMBER | |
| Classification number | 328.676 |
| Item number | EAC |
| 245 ## - TITLE STATEMENT | |
| Title | East Africa community Proceedings of thr East Africa Legislative Assembly(EALA) |
| Remainder of title | First Assembly-Second session |
| Statement of responsibility, etc. | 11 Frb 2003-16 oct 2003 official report (Hansard) |
| Medium | volume II |
| 300 ## - PHYSICAL DESCRIPTION | |
| Extent | 623p |
| 942 ## - ADDED ENTRY ELEMENTS (KOHA) | |
| Source of classification or shelving scheme | Dewey Decimal Classification |
| Koha item type | Books |
| Withdrawn status | Lost status | Source of classification or shelving scheme | Damaged status | Not for loan | Home library | Current library | Date acquired | Total Checkouts | Full call number | Barcode | Date last seen | Price effective from | Koha item type |
|---|---|---|---|---|---|---|---|---|---|---|---|---|---|
| Dewey Decimal Classification | Bunge Tower Library | Bunge Tower Library | 06/05/2023 | 328.676 EAC | 1000589 | 06/05/2023 | 06/05/2023 | Books | |||||
| Dewey Decimal Classification | Bunge Tower Library | Bunge Tower Library | 06/05/2023 | 328.676 EAC | 1000590 | 06/05/2023 | 06/05/2023 | Books |
